| 000 | 00603nam a2200229Ia 4500 | ||
|---|---|---|---|
| 003 | OSt | ||
| 005 | 20221006164717.0 | ||
| 006 | a|||||r|||| 00| 0 | ||
| 007 | ta | ||
| 008 | 221006b |||||||| |||| 00| 0 eng d | ||
| 024 | _a1,146 | ||
| 037 | _cTextual | ||
| 040 |
_aFML _cFML _beng |
||
| 041 |
_2eng _aeng |
||
| 082 | _aNR44:(Y), N2;P4 | ||
| 100 |
_aJoshi O. P. Ed. _9678163 |
||
| 245 | 0 | _aSociology of Oriental Music | |
| 260 |
_aJaipur _bA B D Publication _c2004 |
||
| 300 |
_a318 _ccm. |
||
| 942 |
_hNR44:(Y), N2;P4 _cTEXL _2CC |
||
| 999 |
_c1118194 _d1118194 |
||